A gyulai sajtópiac elemzése

Elmentve itt :
Bibliográfiai részletek
Szerző: Mocsár József
További közreműködők: Hetesi Erzsébet (Témavezető)
Dokumentumtípus: Szakdolgozat
Megjelent: 1999
Tárgyszavak:
Online Access:http://diploma.bibl.u-szeged.hu/104928
LEADER 00629nta a2200193 i 4500
001 dipl104928
005 20210127104639.0
008 210127s1999 hu om 0|| zxx d
040 |a SZTE Diploma Repozitórium  |b hun 
041 |a zxx 
100 1 |a Mocsár József 
245 1 2 |a A gyulai sajtópiac elemzése  |h [elektronikus dokumentum] /  |c József Mocsár 
260 |c 1999 
650 4 |a Pedagógusképzés 
650 4 |a Social sciences 
650 4 |a Media and communications 
650 4 |a Journalism 
700 1 |a Hetesi Erzsébet  |e ths 
856 4 0 |u http://diploma.bibl.u-szeged.hu/id/eprint/104928/1/1999_mocsar_jozsef.pdf  |z Dokumentum-elérés